header

Winning the H factor (Record no. 130494)

MARC details
000 -LEADER
fixed length control field 01411nam a2200361Ia 4500
082 04 - DEWEY DECIMAL CLASSIFICATION NUMBER
Classification number 371.001/9
100 1# - MAIN ENTRY--AUTHOR NAME
Personal name Smith, Alistair,
245 10 - TITLE STATEMENT
Title Winning the H factor
260 ## - PUBLICATION, DISTRIBUTION, ETC. (IMPRINT)
Place of publication London ;
-- New York :
Name of publisher Network Continuum,
Year of publication c2010.
300 ## - PHYSICAL DESCRIPTION
Number of Pages xi, 264 p. :
Other physical details ill.
650 #0 - SUBJECT ADDED ENTRY--TOPICAL TERM
Topical Term Schools
Topical Term Happiness
Topical Term Students
Topical Term Teachers
700 1# - ADDED ENTRY--PERSONAL NAME
Personal name Jones, John,
Personal name Kurlbaum, Joanna.
856 40 - ELECTRONIC LOCATION AND ACCESS
Uniform Resource Identifier http://site.ebrary.com/lib/rucke/Doc?id=10495243

No items available.

© 2026 Rongo University
Contact us: librarian | system librarian | Rongo university